000 01092ngm a22003010a 4500
001 PT16752
003 AR-LpoUNG
005 20210202000240.0
007 vd cvaizq
008 191001s1982||||ag |||||||||||||||||eng d
037 _c$9.96
040 _aAR-LpoUNG
_bspa
_cAR-LpoUNG
_eaacr
041 _aeng
082 0 _a780.267 238pin
100 1 _aParker, Alan
_edir.
245 1 0 _aPink Floyd :
_bthe wall
260 _as.l. :
_bPolygram Music Video,
_c[1982].
300 _aVHS (95 min.) : son., col.
520 _aPink, el cantante de un grupo de música, arrastra desde la infancia una serie de traumas debido a la estricta educación que recibió. Harto del mundo de su profesión, termina refugiándose en la droga como única alternativa para romper con el muro que él mismo ha creado a su alrededor.
650 4 _aASPECTOS EDUCATIVOS
650 4 _aEDUCACION
650 4 _aFINES DE LA EDUCACION
651 4 _aReino Unido de Gran Bretaña e Irlanda del Norte
653 _aVIDEOS
710 2 _aMetro Goldwyn Mayer (firma comercial)
905 _a16752
942 _cVIDEO
999 _c54449
_d54449